| 000 | 00893nam a22002057a 4500 | ||
|---|---|---|---|
| 999 |
_c10266 _d10266 |
||
| 003 | AR-CdUCM | ||
| 008 | 190329b ||||| |||| 00| 0 spa d | ||
| 040 |
_aMUNICIPALIDAD PROVINCIAL DEL CUSCO _cBIBLIOTECA MUNICIPAL DEL CUSCO |
||
| 082 |
_a985.051 / _bH44 / 1961 |
||
| 100 |
_aHerrera Alarcón, Dante F. _927024 |
||
| 245 | _aRebeliones que intentaron desmembrar el sur del Perú / | ||
| 260 |
_aLima : _bColegio militar Leoncio Prado, _c1961. |
||
| 300 |
_a262 páginas ; _bIlustraciones, _c21 cm. |
||
| 505 | _aContenido: Rebelión del prefecto Rufino Maceda en el departamento de Puno -- Conspiración de Arequipa -- Rebelión del coronel Gregorio Escobedo -- Rebelión contra el general Antonio Gutierrez de la Fuente ... | ||
| 650 |
_aPerú _935 |
||
| 650 |
_aHistoria _9136 |
||
| 710 |
_aInstituto panamericano de geografía e historia _927025 |
||
| 942 |
_2ddc _cLIBROS |
||
| 945 | _aacv | ||